000 00306nam a22001457a 4500
003 SGT
082 _a612
_bT14G
100 _aGEETHA, N
245 _aTEXT BOOK OF MEDICAL PHYSIOLOGY
250 _a3RD
260 _aDELHI
_bPARAS MEDICAL
_c2014
300 _a793
650 _aPHYSIOLOGY
942 _2ddc
_cBK
_01
999 _c8375
_d8375